Flags of the world. Easy-Fast - Statistics

General Stats
  • This quiz has been taken 123 times
  • The average score is 11 of 12
Answer Stats
Picture Answer % Correct
Australia
96%
United Kingdom
96%
Brazil
93%
China
93%
United States
93%
Italy
91%
France
90%
Russia
90%
Spain
90%
Ukraine
90%
India
89%
Indonesia
79%
No matching quizzes found
Score Distribution
Percent of People with Each Score
Percentile by Number Answered
Your Score History
You have not taken this quiz